00828nam a2200205 a 450000100100000000500170001000800410002702000160006804000250008404100190010924500540012826001010018230000250028349000450030850000730035359000260042683000480045295201050050099900170060500004121120201002034718.0130926s1988 sp 000 0 spa d a8400069920X aDO-SdBNPbspacBNPHU17aspahcatalán00aAlimentació i societat a la catalunya medieval. aBarcelona :bConsell Superior d'Investigacions Cientifiques, Institucio Mila i Fontanals,c1988. axv, 311 p. ;c23 cm.1 aAnuario de estudios medievales Anejov20 aIncluye referencias bibliográficas y notas al pie de las páginas aInventariado, 2019/VM 0aAnuario de estudios medievales Anejo964050 001050718MOaGRbGRcHDd2013-09-26iLF1l0o p41211-10r2020-06-25w2020-06-25y1ZNo se presta c40701d40701